=LDR 00000nam 2200000 4500 =001 INLIS000000000014939 =005 20130612110225 =008 ***********************************Ind** =035 ##$$0010-061300000014939 =041 ##$$a Ind =082 ##$$a 519.4 =090 ##$$a 519.4, Paz d =100 ##$$a Paz, Mario =245 ##$$a Dinamika struktur, Teori dan perhitungan, Mario pas ; alih Bahasa Arief sempurna =260 ##$$a 1993 $b Jakarta =300 ##$$a 139 hlm, Ilus, 24 cm =650 ##$$a Komputer, matematika =700 ##$$a alih bahasa =700 ##$$a Arief sempurna =850 ##$$a NBPNMAT